Tune Up: Teacher's book IV Medio
Furkejuvvon:
| Váldodahkkit: | , , |
|---|---|
| Materiálatiipa: | Girji |
| Giella: | eaŋgalasgiella |
| Almmustuhtton: |
Santiago
Richmond Publishing
2016
|
| Preanttus: | 4a. ed |
| Fáttát: | |
| Fáddágilkorat: |
Lasit fáddágilkoriid
Eai fáddágilkorat, Lasit vuosttaš fáddágilkora!
|
MARC
| LEADER | 00000cam a2200000 a 4500 | ||
|---|---|---|---|
| 001 | UCD9811 | ||
| 003 | CL-VaPUC | ||
| 008 | 170709e20160000cl |||||||||||||||||eng|d | ||
| 020 | |a 9789561523142 | ||
| 082 | 0 | 4 | |a 418.00712 |b CON |2 21 |
| 100 | 0 | |a Contreras Méndez, Eugenia |e author |9 593545 | |
| 700 | 0 | |a Haverland, Ronda |e author |9 593546 | |
| 700 | 0 | |a Huck, Lisa |e author |9 593547 | |
| 245 | 1 | 0 | |a Tune Up: Teacher's book IV Medio |
| 250 | |a 4a. ed | ||
| 300 | |a 256 p | ||
| 942 | |c BK | ||
| 945 | |d 20170709 17:01:00 |a dcastane | ||
| 260 | |a Santiago |b Richmond Publishing |c 2016 | ||
| 500 | |a Incluye CD con audio | ||
| 650 | 0 | |a Enseñanza de idiomas |9 339820 | |
| 650 | 0 | |a Enseñanza del inglés |9 367340 | |
| 650 | 0 | |a Métodos de enseñanza |9 270413 | |
| 650 | 0 | |a Libros de texto |9 270019 | |
| 583 | |a last modification |c 20170824 03:19:54 |k Rodrigo Vera | ||
| 999 | |c 368830 |d 368828 | ||
| 952 | |0 0 |1 0 |3 erb |4 0 |6 418_007120000000000_CON_2016 |7 0 |8 A |9 484273 |a BIBEDU |b BIBEDU |i 5406080 |l 1 |o 418.00712 CON 2016 |p 5406080 |r 2023-05-16 |s 2023-05-09 |w 2019-11-24 |y BK |z Catalogado en:20170709 |k EPE | ||